Państwa w języku fińskim - Statystyki

Ogólne statystyki
  • Ten quiz został rozwiązany 744 razy
  • Średni wynik to 12 z 23
Statystyki odpowiedzi
Fiński Polskie % Poprawnych
Italia Włochy
96%
Latvia Łotwa
95%
Espanja Hiszpania
94%
Liettua Litwa
94%
Puola Polska
89%
Norja Norwegia
81%
Suomi Finlandia
71%
Etelä-Afrikka Republika Południowej Afryki
68%
Sveitsi Szwajcaria
54%
Saksa Niemcy
50%
Tšekki Czechy
48%
Yhdistynyt kuningaskunta Wielka Brytania
46%
Unkari Węgry
39%
Tanska Dania
37%
Kreikka Grecja
35%
Kiina Chiny
34%
Venäjä Rosja
29%
Valko-Venäjä Białoruś
26%
Viro Estonia
23%
Ruotsi Szwecja
21%
Alankomaat Holandia
20%
Yhdysvallat Stany Zjednoczone
19%
Itävalta Austria
10%
Nie znaleziono quizów pasujących do podanych kryteriów
Rozkład punktacji
Procent ludzi z każdym wynikiem
Percentyl według liczby udzielonych odpowiedzi
Twoja historia wyników
Nie rozwiązałeś tego quizu